Catalog

Record Details

Catalog Search



Ministering to the grieving  Cover Image Book Book

Ministering to the grieving / Robert W. Bailey

Bailey, Robert W. (Author).

Record details

  • ISBN: 0-310-41761-9
  • Physical Description: 114 p.
  • Edition: 1st ed.
  • Publisher: Grand Rapids, Michigan Zondervan Publishing House 1980

Available copies

  • 1 of 1 copy available at Common Catalog SPOK.

Holds

  • 0 current holds with 1 total copy.
Show All Copies
Location Call Number / Copy Notes Barcode Shelving Location Status Due Date
ETS Library 259.4 424470003845 Volný výběr Available -

LDR 00653nam a2 00241
00141910
003CZ-PrJAB
00520030623000000.0
008030623s1980 xxu e |||| |eng
009us
020 . ‡a0-310-41761-9
035 . ‡a(CONS)5820
035 . ‡aKPS2674
041 . ‡aeng
08214. ‡a259.4
100 . ‡71112 ‡aBailey, Robert W.
245 . ‡aMinistering to the grieving / ‡cRobert W. Bailey
250 . ‡a1st ed.
260 . ‡aGrand Rapids, Michigan ‡bZondervan Publishing House ‡c1980
300 . ‡a114 p.
653 . ‡aMinistering to the grieving
8524 . ‡bETS ‡bETS ‡cVolný výběr ‡j259.4 ‡gA ‡p424470003845
910 . ‡aABG450
999 . ‡a5820 ‡bAUTOGEN ‡c5820 ‡tbiblio
905 . ‡uadmin
901 . ‡a41910 ‡b ‡c41910 ‡tbiblio ‡sets

Additional Resources